000 01136cam a2200313 i 4500
001 55225
003 Mx-PuUPA
005 20240828105727.0
008 140415s2016 fluad fr 001 0 eng d
020 _a9781482251074
_qempastado
040 _aMX-PuUPA
_bspa
_erda
_cMx-PuUPA
_dMx-PuUPA
041 0 _aeng
245 1 0 _aPrecision agriculture technology for crop farming /
_cedited by Qin Zhang
264 1 _aBoca Raton, Florida :
_bTaylor & Francis Group,
_c©2016
300 _axiv, 360 páginas :
_bilustraciones, gráficas ;
_c24 cm.
336 _atexto
_2rdacontent
_btxt
337 _asin medio
_2rdamedia
_bn
338 _avolumen
_2rdacarrier
_bnc
490 0 _aAgriculture science
650 7 _aAgricultura de precisión
_2armarc
650 7 _aAgricultura de precisión
_xInnovaciones tecnológicas
700 1 _aZhang, Qin,
_eeditor
_97443
942 _2ddc
_cLI
_h631
_iP92
999 _c55225
_d55225